Social work practice: Religio-philosophial foundations (Record no. 20465)

MARC details
000 -LEADER
fixed length control field 00482nam a2200169Ia 4500
008 - FIXED-LENGTH DATA ELEMENTS--GENERAL INFORMATION
fixed length control field 230917s9999||||xx |||||||||||||| ||und||
020 ## - ISBN
Price RS995
040 ## - CATALOGING SOURCE
-- 236852
Original cataloging agency VIVEKANANDA LIBRARY
041 ## - Language
-- English
082 ## - DDC NUMBER
Classification number 361.32 P272S
100 ## - MAIN ENTRY--PERSONAL NAME
Personal name Patel, Chhaya
245 #0 - TITLE STATEMENT
Title Social work practice: Religio-philosophial foundations
260 ## - PUBLICATION, DISTRIBUTION, ETC. (IMPRINT)
Place of publication, distribution, etc Jaipur
Name of publisher, distributor, etc Rawat Publications
Date of publication, distribution, etc 1999
300 ## - PHYSICAL DESCRIPTION
Pages 348 p.
500 ## - GENERAL NOTE
General note 2522 04/01/2017 HBD17/6759 05/01/2017 Main Budget Periodicals
942 ## - ADDED ENTRY ELEMENTS (KOHA)
Koha item type Books
Holdings
Withdrawn status Lost status Damaged status Not for loan Location (home branch) Sublocation or collection (holding branch) Date acquired Koha issues (times borrowed) Koha full call number Accession No. Koha date last seen Koha item type
        VIVEKANANDA LIBRARY VIVEKANANDA LIBRARY 21/02/2017   361.32 P272S 359728 17/09/2023 Books
© Designed and Maintained by Vivekananda Library, MDU Rohtak